| 000 | 01336nam a2200265 a 4500 | ||
|---|---|---|---|
| 005 | 20150917105242.0 | ||
| 008 | 930428r19931991sp a r 00010 spa d | ||
| 020 | _a8425509017 | ||
| 040 |
_ala _cla _dCO-BoIAVH |
||
| 041 | 1 |
_aspa _heng |
|
| 082 | 0 | 4 |
_a597.92 _bC61t |
| 100 | 1 | _aCobb, Jo. | |
| 245 | 1 | 4 |
_aLas tortugas : _bespecies acuáticas, terrestres y marinas, alojamiento, alimentación, cuidados, higiene, reproducción / _cJo Cobb ; traducción Enrique Velza Valls. |
| 260 |
_aBarcelona : _bEditorial Hispano Europea, _c1991. |
||
| 300 |
_a125 p. : _bilustraciones a color, fotografías _c22 cm. |
||
| 505 | _aEvolución, clasificación y anatomía, Las tortugas acuáticas y el hombre. Tortugas terrestres tropicales. Tortugas acuáticas gicoteas. Tortugas mordedoras, del cieno y de caparazón blando. Las Sidenecks, pleurodira. Tortugas marinas. Alojamiento especializado. Salud e higiene. Reproducción en cautividad, | ||
| 534 |
_pTítulo original. _tA complete introduction to turtles. |
||
| 650 | 6 |
_aQuelonios _x Cría y desarrollo. |
|
| 650 | 6 | _aTortugas como mascotas. | |
| 650 | 6 | _aCría de tortugas. | |
| 650 | 6 |
_aTortugas _xTaxonomías |
|
| 650 | 6 |
_aTortugas _xClasificación |
|
| 700 | 1 |
_aVelza Valls, Enrique, _etraductor |
|
| 942 |
_2ddc _cLIBRO |
||
| 999 |
_c17706 _d17706 |
||